| 000 | 00633nam a22001937a 4500 | ||
|---|---|---|---|
| 005 | 20161128161240.0 | ||
| 010 | _aENG-116685 | ||
| 020 |
_a9788184845518 _c1380.00 |
||
| 035 | _aEN-100217 | ||
| 037 | _bDBAD/PUB | ||
| 082 | _a341.7 | ||
| 100 | _aMurugan,Annamalai | ||
| 245 |
_aInternational regime of environmental law / _cby Annamalai Murugan _bcontemporary relevance / |
||
| 260 |
_aNew Delhi _bRegal Publications _c2016 |
||
| 270 |
_aF-159 Rajouri Garden _bNew Delhi _e110027 |
||
| 300 |
_axvii,315p. _c23cm(Hb) |
||
| 500 | _aIncludes bibliographical references and index | ||
| 942 |
_2ddc _cEN _h341.7 _mMUR |
||
| 999 |
_c104803 _d104803 |
||